マイクラのバイオーム - Statistics

General Stats
  • This quiz has been taken 105 times
  • The average score is 12 of 65
Answer Stats
ディメンション バイオーム区分 バイオーム % Correct
乾燥帯バイオーム 砂漠
58%
雪原バイオーム 雪原
57%
温帯バイオーム 平原
53%
冷帯バイオーム タイガ
50%
海洋バイオーム 暖かい海
43%
温帯バイオーム ジャングル
39%
乾燥帯バイオーム サバンナ
38%
海洋バイオーム 冷たい海
38%
ネザーのバイオーム 歪んだ森
37%
ネザー ネザーのバイオーム 真紅の森
34%
温帯バイオーム 森林
32%
温帯バイオーム 沼地
28%
ネザーのバイオーム 玄武岩の三角州
28%
海洋バイオーム 凍った海
24%
現世 温帯バイオーム シラカバの森
22%
温帯バイオーム キノコ島
22%
乾燥帯バイオーム 荒野
22%
海洋バイオーム 深海
22%
海洋バイオーム 海洋
21%
地下バイオーム 鍾乳洞
20%
ネザーのバイオーム ソウルサンドの谷
20%
現世 海洋バイオーム ぬるい海
17%
地下バイオーム ディープダーク
17%
温帯バイオーム 竹林
16%
温帯バイオーム 砂浜
16%
温帯バイオーム ペールガーデン
16%
山岳バイオーム・山頂 凍った山頂
16%
地下バイオーム 繁茂した洞窟
16%
海洋バイオーム 冷たい深海
14%
雪原バイオーム 凍った川
13%
冷帯バイオーム 吹きさらしの丘
13%
温帯バイオーム 暗い森
13%
温帯バイオーム 河川
13%
ネザーのバイオーム ネザーの荒地
13%
ジ・エンドのバイオーム ジ・エンド
13%
温帯バイオーム 花の森
12%
温帯バイオーム シラカバの原生林
12%
山岳バイオーム・山麓 草地
12%
山岳バイオーム・山麓
12%
山岳バイオーム・山頂 尖った山頂
12%
海洋バイオーム ぬるい深海
12%
海洋バイオーム 凍った深海
12%
その他 その他のバイオーム 奈落
12%
温帯バイオーム ヒマワリ平原
11%
温帯バイオーム マングローブの沼地
11%
山岳バイオーム・山頂 石だらけの山頂
11%
雪原バイオーム 氷樹
9%
雪原バイオーム 雪のタイガ
9%
冷帯バイオーム 吹きさらしの砂利の丘
9%
乾燥帯バイオーム 侵食された荒野
9%
乾燥帯バイオーム 森のある荒野
9%
山岳バイオーム・山麓 雪の斜面
9%
雪原バイオーム 雪の砂浜
8%
冷帯バイオーム 吹きさらしの森
8%
冷帯バイオーム 石だらけの海岸
8%
乾燥帯バイオーム 吹きさらしのサバンナ
8%
乾燥帯バイオーム サバンナの高原
8%
エンド ジ・エンドのバイオーム エンドの内陸部
8%
ジ・エンドのバイオーム エンドの高地
8%
ジ・エンドのバイオーム エンドのやせ地
8%
冷帯バイオーム マツの原生林
7%
冷帯バイオーム トウヒの原生林
7%
温帯バイオーム まばらなジャングル
7%
山岳バイオーム・山麓 サクラの林
7%
ジ・エンドのバイオーム 小さなエンド島
7%
No matching quizzes found
Score Distribution
Percent of People with Each Score
Percentile by Number Answered
Your Score History
You have not taken this quiz